Business rates (Record no. 115121)

MARC details
000 -LEADER
fixed length control field 00586cam a22002175a 4500
001 - CONTROL NUMBER
control field L158071
008 - FIXED-LENGTH DATA ELEMENTS--GENERAL INFORMATION
fixed length control field 140317s2006 xxk f 000 0 eng d
020 ## - INTERNATIONAL STANDARD BOOK NUMBER
International Standard Book Number 9781905982048
035 ## - SYSTEM CONTROL NUMBER
System control number (Sirsi) u158071
041 0# - LANGUAGE CODE
Language code of text/sound track or separate title eng
050 04 - LIBRARY OF CONGRESS CALL NUMBER
Classification number 336.21 DIX
100 1# - MAIN ENTRY--PERSONAL NAME
Personal name Dixon, Tom
245 00 - TITLE STATEMENT
Title Business rates
Remainder of title your guide
260 ## - PUBLICATION, DISTRIBUTION, ETC.
Place of publication, distribution, etc. London
Name of publisher, distributor, etc. IRRV
Date of publication, distribution, etc. 2006
520 ## - SUMMARY, ETC.
Summary, etc. Outlines the general principles of business rates as the law stood in July 2006.
590 ## - LOCAL NOTE (RLIN)
Local note KA
651 #4 - SUBJECT ADDED ENTRY--GEOGRAPHIC NAME
Geographic name England and Wales
Chronological subdivision 1543-
690 ## - LOCAL SUBJECT ADDED ENTRY--TOPICAL TERM (OCLC, RLIN)
Topical term or geographic name as entry element Finance and taxation
700 1# - ADDED ENTRY--PERSONAL NAME
Personal name Heath, Gordon
942 ## - ADDED ENTRY ELEMENTS (KOHA)
Suppress in OPAC 0
Holdings
Withdrawn status Lost status Source of classification or shelving scheme Damaged status Not for loan Home library Current library Shelving location Date acquired Total Checkouts Full call number Barcode Date last seen Copy number Price effective from Koha item type
    Dewey Decimal Classification     London London Books 17/03/2014   336.21 DIX 30078222 06/08/2019 1 06/08/2019 Book